La profession des gagnants de Koh-Lanta - Statistiques

Statistiques générales
  • Ce quiz a été pris 83 fois
  • Le résultat moyen est 11 sur 28
Statistiques - réponses
Hint Extra Hint Explanation Réponse % Correct
Benoît Assadi L'île au trésor 09 12 2016 Entraîneur de football
69%
Ugo Latriche Malaisie 01 02 2013 Fauconnier
67%
François Descamp Le Totem Maudit 21 06 2022 Pompier
67%
Laurent Maistret La Nouvelle Édition 21 11 2014 Mannequin
66%
Naoil Tita L'île des Héros 05 06 2020 Boxeuse
57%
Grégoire Delachaux Le Choc des Héros 21 05 2010 Jardinier
52%
Maxine Eouzan Les Armes Secrètes 04 06 2021 Journaliste sportive
50%
André Deleplace Fidji 15 12 2017 Étudiant
48%
Bertrand Bolle La Revanche des Héros 01 06 2012 Pilote d'hélicoptère
48%
Philippe Duron Viêtnam 23 04 1969 Rempailleur de chaises
48%
Amel Fatnassi Le retour des héros 13 02 2009 Assistante sociale
43%
Marc Rambaud Johor 24 07 2015 Entrepreneur
43%
Christelle Gauzet Caramoan 20 09 2008 Fonctionnaire de police
43%
Wendy Gervois Thaïlande 25 05 2016 Boxeuse
38%
François-David Cardonnel Vanuatu 05 09 2006 Escrimeur
38%
Kevin Cuoco Palawan 11 09 2007 Pilote de karting
36%
Christina Chevry Palau 30 10 2009 Serveuse
34%
Gilles Nicolet Les aventuriers de Koh-Lanta 22 09 2001 Rédacteur pigiste
33%
Romuald Lafite Le Retour des Héros 13 01 2009 Moniteur de fitness
31%
Alexandra Pornet Les 4 Terres 04 12 2020 Comptable
29%
Jade Handi Palawan 11 09 2007 Gérante d'un centre automobile
26%
Isabelle Seguin Bocas del Toro 29 08 2003 Brocanteuse
24%
Maud Bamps La Guerre des Chefs 21 06 2019 Commerciale
24%
Frédéric Blancher Cambodge 16 06 2017 Vendeur automobile
22%
Gérard Urdampilleta Raja Ampat 16 12 2011 Jardinier
21%
Philippe Bordier Panama 31 08 2004 Mécanicien
19%
Clémence Castel Pacifique 06 09 2005 Gérante d'un café-concert
16%
Delphine Bano Bocas del Toro 29 08 2003 Serveuse
9%
Aucun quiz correspondant
Distribution des résultats
% des personnes avec chaque résultat
Percentile par nombre de réponses
Votre historique - résultats
Vous n’avez pas pris ce quiz